000 00463nam a22002057a 4500
001 25488
005 20260424083355.0
008 260424b |||||||| |||| 00| 0 spa d
041 _aESP
082 _a742
_bD72
100 _aBraunstein, Mercedes
245 _aDibujo de perspectiva
260 _a :
_b ,
_c2015
300 _a127 páginas :
_b ;
_c28 cm.
440 _a ;
650 _aADE
654 _aCAU
700 _a;
942 _cLIB
_dJUS
_fJUS
_n0
_2ddc
999 _c25488
_d25488